00653nam a2200193Ia 4500952013000000999001700130003000400147005001700151008004100168020001500209040000900224082001800233100002400251245005500275260004800330300000900378650003000387942004200417 00102ddc40708ARTSaMESbMEScARTSd2019-02-20g100.00l0o799.26 BOO/Cp22058r2019-02-20 00:00:00w2019-02-20yBKzU22R5 c13981d13981OSt20201105113125.0190216s9999||||xx |||||||||||||| ||und|| a0195624866 coclc a799.26bBOO/C aBooth, Martin96283 0aCarpet Sahib A Life Of Jim Corbett /cMartin Booth bOxford University Press,c1994.aNew Delhi: a278p aBiography-Fiction English cBK2ddch799.26iBOO/Ck799.26mBOO/C